150 Biggest urban areas in German* Speaking countries - Statistics

General Stats
  • This quiz has been taken 229 times
  • The average score is 51 of 150
Answer Stats
# Country Population Urban Area % Correct
1 Germany 4,287,300 Berlin
99%
5 Germany 1,960,000 Munich
98%
4 Austria 2,187,682 Vienna
97%
2 Germany 2,413,500 Cologne - Bonn
96%
6 Germany 1,470,000 Frankfurt am Main
95%
3 Germany 2,405,400 Hamburg
95%
8 Switzerland 1,073,334 Zurich
94%
7 Germany 1,343,800 Stuttgart
90%
34 Switzerland 272,358 Bern
89%
20 Switzerland 501,316 Geneva
87%
42 Austria 225,864 Salzburg
87%
17 Germany 637,100 Leipzig
86%
15 Germany 779,700 Dresden
85%
9 Germany 975,200 Dusseldorf
85%
11 Germany 885,800 Bremen
81%
14 Germany 781,500 Hanover
79%
12 Germany 869,500 Mannheim - Ludwigshafen - Heidelberg
78%
23 Switzerland 412,986 Basel
77%
28 Austria 337,621 Graz
77%
41 Austria 226,912 Innsbruck
75%
29 Germany 308,600 Kiel
72%
19 Germany 535,600 Aachen
68%
10 Germany 887,600 Nurnberg - Erlangen
67%
37 Germany 245,100 Lübeck
64%
26 Germany 394,100 Augsburg
63%
45 Germany 217,300 Rostock
63%
16 Germany 650,800 Saarbrücken - Neunkirchen
63%
21 Germany 454,700 Wiesbaden - Mainz
63%
94 Switzerland 85,596 Biel/Bienne
61%
18 Germany 538,700 Bielefeld - Güterloh
59%
30 Switzerland 296,634 Lausanne
59%
53 Germany 173,200 Ulm - Neu-Ulm
59%
39 Germany 243,500 Freiburg im Breisgau
58%
40 Germany 233,200 Magdeburg
56%
25 Germany 404,400 Karlsruhe
53%
22 Germany 416,600 Chemnitz
52%
96 Germany 84,000 Neumünster
52%
32 Germany 288,700 Münster
51%
80 Germany 109,000 Wolfsburg
51%
13 Germany 851,700 Wuppertal
51%
47 Switzerland 193,584 Lucerne
50%
48 Germany 192,600 Erfurt
49%
81 Germany 107,100 Jena
49%
33 Germany 279,300 Kassel
49%
44 Germany 220,900 Regensburg
49%
84 Switzerland 103,710 Baden - Brugg
48%
31 Germany 294,700 Koblenz - Neuwied
48%
62 Germany 137,100 Trier
48%
36 Germany 247,200 Halle
46%
43 Germany 222,700 Oldenburg
46%
60 Germany 139,800 Ingolstadt
44%
56 Germany 160,100 Würzburg
44%
87 Germany 101,000 Flensburg
43%
35 Germany 256,800 Osnabrück
43%
49 Germany 190,500 Darmstadt
42%
86 Germany 102,500 Cottbus
39%
77 Austria 113,151 Klagenfurt
39%
27 Germany 367,000 Mönchengladbach
39%
63 Germany 136,800 Bremerhaven
38%
55 Germany 163,000 Paderborn
38%
78 Germany 110,200 Kaiserslautern
37%
69 Switzerland 127,482 St. Gallen
37%
70 Germany 124,200 Göttingen
36%
89 Germany 93,600 Gera
35%
128 Germany 63,700 Brandenburg an der Havel
33%
51 Germany 178,900 Hamm
33%
71 Switzerland 120,225 Lugano
33%
118 Germany 68,200 Neubrandenburg
33%
95 Germany 85,500 Worms
30%
68 Germany 128,700 Zwickau
30%
52 Germany 174,700 Heilbronn
29%
108 Germany 73,600 Konstanz
29%
57 Germany 154,600 Reutlingen
29%
58 Germany 142,400 Pforzheim
28%
99 Germany 82,700 Fulda
27%
103 Germany 80,700 Bayreuth
25%
82 Germany 106,200 Hildesheim
25%
54 Austria 163,280 Bregenz
24%
148 Germany 56,700 Salzgitter
24%
46 Germany 202,200 Siegen
24%
38 Germany 237,300 Brunswick
23%
138 Germany 59,600 Görlitz
23%
113 Germany 70,900 Tübingen
23%
73 Switzerland 118,897 Winterthur
23%
85 Germany 102,700 Gießen
22%
134 Austria 61,662 Villach
21%
139 Germany 59,400 Weimar
21%
115 Switzerland 70,035 Wil (SG)
21%
61 Germany 139,800 Rosenheim
18%
74 Germany 116,200 Düren
17%
103 Germany 80,700 Kempten
17%
122 Germany 65,100 Marburg
17%
76 Switzerland 113,636 Zug
17%
83 Germany 105,400 Aschaffenburg
16%
135 Germany 61,500 Dessau
16%
117 Germany 68,800 Friedrichshafen
16%
88 Germany 98,400 Lüneburg
16%
124 Germany 64,500 Celle
15%
140 Germany 59,000 Stralsund
15%
133 Switzerland 62,695 Sion
14%
120 Austria 66,877 Wiener Neustadt
14%
100 Germany 82,000 Wilhelmshaven
14%
101 Germany 81,700 Schweinfurt
13%
92 Austria 86,818 Wels
13%
119 Germany 67,500 Coburg
12%
129 Switzerland 63,413 Fribourg
12%
75 Germany 114,200 Minden
12%
109 Germany 73,300 Offenburg
12%
123 Germany 64,600 Plauen
12%
145 Germany 57,700 Greifswald
11%
112 Germany 72,350 Aarau
10%
102 Germany 81,200 Lörrach - Weil am Rhein
10%
93 Germany 86,100 Ravensburg - Weingarten
10%
107 Switzerland 74,968 Thun
10%
111 Germany 73,000 Detmold
8%
79 Austria 110,007 Feldkirch
8%
50 Germany 185,100 Herford - Bünde
8%
90 Germany 92,200 Landshut
8%
143 Germany 57,800 Rheine
8%
105 Germany 80,400 Wetzlar
8%
66 Germany 132,900 Göppingen
7%
67 Germany 131,900 Sindelfingen - Böblingen
6%
106 Switzerland 80,222 Vevey - Montreux
6%
126 Germany 64,100 Homburg
5%
132 Germany 63,000 Limburg - Diez
5%
137 Switzerland 60,151 Solothurn
5%
147 Germany 57,200 Wolfenbüttel
5%
111 Switzerland 73,000 Aurich
4%
72 Germany 121,400 Bad Oeynhausen - Löhne - Vlotho
4%
59 Germany 140,100 Gummersbach
4%
146 Germany 57,600 Lippstadt
4%
98 Germany 83,000 Bad Salzuflen - Lage
3%
96 Germany 84,000 Lüdenscheid
3%
130 Germany 63,200 Schwäbisch Gmünd
3%
125 Germany 64,200 Arnsberg
2%
131 Germany 63,100 Grevenbroich
2%
136 Germany 60,400 Ibbenbüren
2%
64 Germany 136,400 Rüsselsheim am Main
2%
109 Germany 73,300 Bensheim
1%
24 Germany 407,000 Hagen - Iserlohn
1%
121 Germany 65,700 Neu-Isenburg - Dreieich
1%
65 Germany 134,400 Nürtingen - Kirchheim unter Teck
1%
141 Germany 58,400 Papenburg
1%
150 Germany 56,300 Unterschleißheim - Garching
1%
116 Germany 69,800 Weinheim
1%
114 Germany 70,600 Bergheim - Bedburg
0%
142 Germany 58,300 Buxtehude
0%
148 Germany 56,700 Heidenheim an der Brenz
0%
91 Switzerland 88,600 Olten-Zofingen
0%
127 Germany 63,800 Rendsburg
0%
No matching quizzes found
Score Distribution
Percent of People with Each Score
Percentile by Number Answered
Your Score History
You have not taken this quiz